000 00400nam a22001337a 4500
020 _qHB.
040 _cFIZZA ISHAQ
082 _a332.637
_bBUR
100 _aMALKIEL,G.BURTON.
_9132739
245 _aGLOBAL BARGAIN HUNTING THE INVESTOR'S GUIDE TO PROFITS IN EMERGING MARKETS /
_cBURTON G.MALKIEL.
260 _aNEW YORK;
_bSIMON & SCHUSTER,
_c1998.
300 _a239 P. ;
_c9.4X6.1IN
942 _2ddc
_cBK
999 _c615796
_d615796